000 01039nam0a22002891 4500
001 RU\INFOCOMM_322\NLR\5000199578
005 20250613111219.0
035 _a(NLR Aleph) 009583558
090 _a9205983
_c9205983
100 _a20130226d1990 |||y0rusy50 ca
101 0 _ager
102 _aRU
105 _ay z |||||
200 1 _aDie ökonomische Struktur des Sozialismus: Versuch einer Prognose
_fStanislaw Menschikow
210 _aM.
_cAPN-Verl.
_d1990
215 _a62 с.
_d16 см
300 _aВ вып. дан.: Экономическая структура социализма: опыт прогноза / Станислав Михайлович Меньшиков
606 0 _aСоциализм
_2nlr_sh1
620 _aМосква
686 _aУ011.7
_2rubbk
700 1 _9z01790
_aMen'šikov
_bS. M.
_f1927-
_gStanislav Michajlovič
790 1 _9z01700
_aMenschikow
_bS.
_gStanislaw
_4070
801 1 _aRU
_bInfocomm
_c20130226
801 0 _aRU
_bINFOCOMM
_gPSBO
852 _aNLR
_jЭк15 Д-2/14
942 _cBOOK
980 _aNB